| 000 | 00895nam a2200241 a 4500 | ||
|---|---|---|---|
| 001 | 000034725 | ||
| 005 | 20240529114208.0 | ||
| 008 | 111019s1963 mx a 000 0 spa d | ||
| 040 |
_aDO-SdBNP _bspa _cBNPHU |
||
| 100 | 1 |
_aTalbot Rice, David, _d1903-1972 _960185 |
|
| 245 | 1 | 0 |
_aFrescos medievales yugoeslavos / _ctexto David Talbot Rice. |
| 260 |
_aMéxico : _bHermes, _c1963. _eMilano, Italia _fAmilcare Pizzi |
||
| 300 |
_a24 p., 28 h. : _bil., láms., retrs. ; _c17 cm. |
||
| 490 | 0 |
_aUNESCO-Hermes bolsilibros de arte _v6 |
|
| 500 | _aIncluye índice de láminas | ||
| 504 | _aBibliografía al final de las láminas s. | ||
| 650 | 2 | 4 |
_aPintura religiosa _zYugoslavia _ySIGLO XIX _960186 |
| 650 | 2 | 4 |
_aMurales bizantinos _960187 |
| 650 | 2 | 4 |
_aDecoración bizantina _960188 |
| 650 | 2 | 4 |
_aPintura servia _960189 |
| 710 | 2 | 2 |
_aUnesco _919805 |
| 830 | 0 |
_aUnesco-Hermes bolsilibros de arte _n6 _960190 |
|
| 999 |
_c34216 _d34216 |
||